000 01099nam a2200265 4500
005 20240530110959.0
008 230117s2021 ua g 001 0 ara d
017 _a2022/4252
_bمصر. دار الكتب
020 _a9789770534014
040 _aEG-CaGPL
_cEG-CaGPL
082 0 4 _221
_a153.93
_bم أ
100 0 _aمحمد احمد خطاب
245 1 0 _aاختبار تكملة الجمل لساكس (SSCT ) :
_bالنظرية التطبيق : نماذج تطبيقية من واقع العيادة النفسية = Sacks Sentencs Completion Test /
_cمحمد احمد خطاب
246 1 1 _aSacks Sentencs Completion Test
250 _aالاولى
260 _aالقاهرة :
_bمكتبة الانجلو المصرية ،
_c2022.
300 _a150 ص. ؛
_c24 سم.
650 0 7 _2qrmak
_aالاختبارات النفسية
650 0 7 _2qrmak
_aالتحليل النفسى
651 _2qrmak
653 0 _aاختبار ساكس - علم نفس
700 0 _aعدنان محمد قطيط
_eمؤلف مشارك
942 _2ddc
_cBK
999 _c67151
_d67151